00876nam a22002297a 4500003000500000005001700005008004100022010001000063011001000073035001000083040000900093100003300102245013600135260004100271300002200312502017500334650003100509650002600540650003100566650002600597650002300623CHAP20220329140232.0971013s1985 r 00010 d a49006 a49978 a54128 cCHAP00aVerastegui Chávez, José. aFechas de siembra en frijol y maíz, como reducción de la lámina de riego (simulación y campo), en Calera, Zac. durante 1984 a(Monterrey, N.L.) :bEl autor,c1985 a83 h.b; gráfs. aTesis (M.C. Esp. en Planificación y Aprovechamiento de los Recursos de Agua y Suelo) -- ITESM. División de Ciencias Agropecuarias y Marítimas. Programa de Graduados14aFrijolxFechas de siembra.14aFrijolxIrrigación.14aMaízxFechas de siembra.14aMaízxIrrigación.14aMaízzZacatecas.